LEADER 00734nam2 22002171i 450 001 990002333330403321 035 $a000233333 035 $aFED01000233333 035 $a(Aleph)000233333FED01 035 $a000233333 100 $a20030801d--------km-y0itay50------ba 200 1 $aObservations on the cytomorphosis of thegerminal and interstitial cells of the human testis. London, 1956, p. 86-96. 463 0$1001000221608 701 1$aFawcett,$bDon W.$062970 801 0$aIT$bUNINA$gRICA$2UNIMARC 901 $aBK 912 $a990002333330403321 959 $aFFABC 996 $aObservations on the cytomorphosis of thegerminal and interstitial cells of the human testis. London, 1956, p. 86-96$9391739 997 $aUNINA DB $aING01 LEADER 01027nam0-22002891i-450- 001 990006356890403321 005 19980601 035 $a000635689 035 $aFED01000635689 035 $a(Aleph)000635689FED01 035 $a000635689 100 $a19980601d1990----km-y0itay50------ba 105 $a--------00-yy 200 1 $aRechtsprobleme der gemeinschaftlichen Kordinierung und Finanzierung des offentlichen Personennahverkehrs durch Bund, Lander und Gemeinden$fHans-Wolfgang Arndt 210 $aBerlin$cDuncker und Humblot$d1990 215 $a97 p.$d23 cm 225 1 $aSchriften zum öffentlichen Recht$v578 676 $a342 700 1$aArndt,$bHans Wolfgang$0239011 801 0$aIT$bUNINA$gRICA$2UNIMARC 901 $aBK 912 $a990006356890403321 952 $aCOLLEZ. 147 (578)$b34094*$fFGBC 959 $aFGBC 996 $aRechtsprobleme der gemeinschaftlichen Kordinierung und Finanzierung des offentlichen Personennahverkehrs durch Bund, Lander und Gemeinden$9657684 997 $aUNINA DB $aGIU01